Sooper secrets and boomerang bloopers / (Record no. 2275)

MARC details
000 -LEADER
fixed length control field 01107cam a22003253a 4500
001 - CONTROL NUMBER
control field 2275
003 - CONTROL NUMBER IDENTIFIER
control field FISKH
005 - DATE AND TIME OF LATEST TRANSACTION
control field 20250911110506.0
008 - FIXED-LENGTH DATA ELEMENTS--GENERAL INFORMATION
fixed length control field 060426s2006 nyua j 000 1 eng d
010 ## - LIBRARY OF CONGRESS CONTROL NUMBER
LC control number 2006275038
020 ## - INTERNATIONAL STANDARD BOOK NUMBER
International Standard Book Number 0439829623 (pbk.)
020 ## - INTERNATIONAL STANDARD BOOK NUMBER
International Standard Book Number 9780439829625
040 ## - CATALOGING SOURCE
Original cataloging agency HT#
Transcribing agency HT#
Modifying agency BAKER
-- DLC
Language of cataloging eng
050 00 - LIBRARY OF CONGRESS CALL NUMBER
Classification number MLCS 2006/44369
082 04 - DEWEY DECIMAL CLASSIFICATION NUMBER
Classification number 654
Edition number 22
100 1# - MAIN ENTRY--PERSONAL NAME
Personal name Wilgus, Alison
245 10 - TITLE STATEMENT
Title Sooper secrets and boomerang bloopers /
Statement of responsibility, etc. by Alison Wilgus.
246 30 - VARYING FORM OF TITLE
Title proper/short title KND codename: kids next door sooper secrets and boomerang bloopers
260 ## - PUBLICATION, DISTRIBUTION, ETC.
Place of publication, distribution, etc. New York :
Name of publisher, distributor, etc. Scholastic,
Date of publication, distribution, etc. 2006.
300 ## - PHYSICAL DESCRIPTION
Extent 61 pages :
Other physical details illustrations ;
Dimensions 20 cm
500 ## - GENERAL NOTE
General note "Based on "Codename: Kids next door" as created by Mr. Warburton."
505 ## - FORMATTED CONTENTS NOTE
Formatted contents note O<br/>
520 ## - SUMMARY, ETC.
Summary, etc. A guide to the best and worst schemes in the kids next door history and the top ten capers ever.
521 0# - TARGET AUDIENCE NOTE
Target audience note 610<br/>
Source Lexile<br/>
521 1# - TARGET AUDIENCE NOTE
Target audience note O<br/>
Source Raz-Plus<br/>
650 #0 - SUBJECT ADDED ENTRY--TOPICAL TERM
Topical term or geographic name entry element Cartoon characters
Form subdivision Juvenile fiction.
700 1# - ADDED ENTRY--PERSONAL NAME
Personal name Warburton, Mr.
Relator term Creator
906 ## - LOCAL DATA ELEMENT F, LDF (RLIN)
a 7
b cbc
c copycat
d 2
e ncip
f 20
g y-gencatlg
942 ## - ADDED ENTRY ELEMENTS (KOHA)
Source of classification or shelving scheme Dewey Decimal Classification
Koha item type Books
Suppress in OPAC No
Holdings
Withdrawn status Lost status Source of classification or shelving scheme Damaged status Not for loan Collection Home library Current library Shelving location Date acquired Total Checkouts Full call number Barcode Date last seen Copy number Price effective from Koha item type
    Dewey Decimal Classification     Juvenile Fiction Footprints International School Library Network Toul Kork Campus Footprints International School Library Network Toul Kork Campus TK Primary Library Room(4th Floor), Bookcase 3&4, Shelves 17-32, Yellow Books 11/14/2023   WIL 654 PZ7 FISTK00345 11/14/2023 1 11/14/2023 Books
    Dewey Decimal Classification     Juvenile Fiction Footprints International School Library Network Toul Tom Poung Campus Footprints International School Library Network Toul Tom Poung Campus TTP Primary Yellow Bookshelves 09/11/2025   WIL 654 PZ7 FIS02807 09/11/2025 2 09/11/2025 Books